000 00290nam a2200121 a 4500
008 101022s1974|||| d
245 1 0 _aKoniec bezvýznamného človeka
044 _axo
_cSK
041 _aslo
100 1 _aLeonov, Leonid
260 _bTatran
_aBratislava
_c1974
020 _c24
999 _c12098
_d12098